000 01515nam a2200241Ia 4500
003 Ost
005 20260507075419.0
008 260507s9999||||xx |||||||||||||| ||und||
020 _a978995732767
040 _cfsecg
041 _aara
082 _a330
100 _aالجبوري، عبد الزراق حمد حسين
_eمؤلف
245 0 _aدور الإستثمار الأجنبي المباشر في التنمية الاقتصادية. /
_c عبد الزراق حمد حسين الجبوري
260 _aعمان:
_bدار الحامد للنشر و التوزيع,
_c2014
300 _a338 صفحة؛
_bإيضاحات ؛
_c25 سم
504 _aالمراجع ص.311 الملاحق ص.307
520 _aيضم الإطار النظري للإستثمار الأجنبي المباشر ويعمل على تحليل أوضاع الإستثمار الأجنبي المباشر في البلدان العربية و مؤشرات تقويمه، واقع الإستثمار الأجنبي المباشر في إطار البيئة الاقتصادية الكلية للبلدان العربية المختارة، قياس أثر الاستثمار الاجنبي المباشر في بعض المتغيرات الإقتصادية الكلية في البلدان العربية الختارة للمدة 1990-2005.
653 _aالإستثمار
653 _aالإستثمار الأجنبي- البلدان العربية
653 _aالتنمية الإقتصادية
942 _cكتاب
999 _c44459
_d44459